| 000 | 00535nam a2200217 a 4500 | ||
|---|---|---|---|
| 999 |
_c9163 _d9163 |
||
| 001 | 9163 | ||
| 003 | BD-JhCC | ||
| 005 | 20180310122254.0 | ||
| 008 | 180310s1967 r a|||| || | 001 0 eng d | ||
| 035 | _a(BD-JhCC)9163 | ||
| 040 |
_aBD-JhCC _dBD-JhCC |
||
| 041 | _aeng | ||
| 082 |
_a624.184 _bGOO 1967 |
||
| 100 | _aGoodman, W. L. | ||
| 245 |
_aWooden Structures / _cW. L. Goodman, |
||
| 260 |
_aMoscow : _bMir Publishers, _c1967 |
||
| 300 |
_a638 p. : _c22 cm. |
||
| 650 | _aBuilding, Wooden | ||
| 942 |
_2ddc _cBK |
||